000 00661nam a2200121Ia 4500
008 220615s9999||||xx |||||||||||||| ||und||
100 _aMulvaney, John
245 4 _aThe axe had never sounded
_bPlace, people and heritage of Recherche Bay, Tasmania
546 _aEnglish[eng]
650 _aarchaeology||history||tasmania||ethnography||Aboriginal Tasmanians||Antoine Bruni d'Entrecasteaux||Jacques Labillardière||Recherche Bay
856 _uhttps://library.oapen.org/bitstream/20.500.12657/33812/1/458827.pdf||https://library.oapen.org/bitstream/20.500.12657/33812/1/458827.pdf||https://library.oapen.org/bitstream/20.500.12657/33812/1/458827.pdf
942 _cEB
999 _c18785
_d18785